000 00536nam a2200157 i 4500
001 82593
003 ES-MaACL
005 20230906174712.0
007 t|
008 041111s1908 be ||||1| fre d
100 1 _aIngenbleek, J.
_965282
245 1 0 _aImpots directs et indirects sur le revenu
_b: la contribution personnelle en Belgique : L'eintommenstener en prusse : L'income tase en Angleterre /
_cJ. Ingenbleek.
260 _aBruxelles :
_bMisch et Throu,
_c1908.
300 _aVIII, 520 p. ;
_c22 cm.
852 _aES-MaACL
_jF-4021
999 _c82593
_d82593